Football - Ultimate TOTS EAFC 24 avec 99 de vitesse - Statistiques

Statistiques générales
  • Ce quiz a été pris 885 fois
  • Le résultat moyen est 4 sur 7
Statistiques - réponses
Ligue Nationalité Joueur/Joueuse % Correct
Ligue 1 France Kylian Mbappé
99%
LaLiga Brésil Vinícius Júnior
84%
Serie A Portugal Rafael Leão
73%
Bundesliga Pays-Bas Jeremie Frimpong
71%
Serie A France Theo Hernández
61%
NWSL USA Sophia Smith
27%
BWSL Angleterre Lauren Hemp
12%
Aucun quiz correspondant
Distribution des résultats
% des personnes avec chaque résultat
Percentile par nombre de réponses
Votre historique - résultats
Vous n’avez pas pris ce quiz